Quản lý chất lượng toàn diện /

Spremljeno u:
Bibliografski detalji
Glavni autor: Vũ Quế Hương
Format: Sách giấy
Jezik:Vietnamese
Izdano: Hà Nội : Trung tâm Thông tin Khoa học Kỹ thuật Hóa chất , 1999
Oznake: Dodaj oznaku
Bez oznaka, Budi prvi tko označuje ovaj zapis!
Thư viện lưu trữ: Thư viện Trường Đại học Đà Lạt
LEADER 00612nam a2200241 4500
001 DLU020019004
005 ##11/5/2001
020 # # |a 978- 
041 # # |a vie 
082 # # |a 658.562  |b VU-H 
100 # # |a Vũ Quế Hương 
245 # # |a Quản lý chất lượng toàn diện /  |c Vũ Quế Hương 
260 # # |a Hà Nội :  |b Trung tâm Thông tin Khoa học Kỹ thuật Hóa chất ,  |c 1999 
300 # # |a 164 tr.;   |c 19 cm. 
992 # # |a 13500 
994 # # |a DLU 
900 # # |a False 
911 # # |a Administrator 
925 # # |a G 
926 # # |a A 
927 # # |a SH 
980 # # |a Thư viện Trường Đại học Đà Lạt